=LDR 00000nam 2200000 4500 =001 INLIS000000000046542 =005 20150407133950.0 =006 =007 =008 =020 ##$$a 979-8031-05-9 =035 ##$$0010-041500000000024 =040 ##$$a Ind =082 ##$$a 635.934 =090 ##$$a 935.934.21$b Afr =100 ##$$a Afriastini =245 ##$$a bertanam kencur =250 ##$$a Cet.5 =260 ##$$a Jakarta$bPenebar swadaya$c1990 =850 ##$$a NBPDMAT =990 ##$$a 0001/BPAP-NTB/20142015